50 Biggest Cities in France - Statistics

General Stats
  • This quiz has been taken 4,381 times
  • The average score is 26 of 50
Answer Stats
Hint Answer % Correct
2 240 621 Paris
100%
852 516 Marseille
97%
496 343 Lyon
96%
343 629 Nice
92%
241 287 Bordeaux
90%
453 317 Toulouse
88%
228 652 Lille
87%
274 394 Strasbourg
85%
291 604 Nantes
84%
209 860 Rennes
75%
268 456 Montpellier
73%
139 676 Brest
70%
152 071 Dijon
69%
158 346 Grenoble
67%
173 142 Le Havre
65%
181 893 Reims
64%
164 899 Toulon
61%
171 483 Saint-Étienne
60%
105 067 Nancy
59%
111 557 Rouen
59%
119 551 Metz
58%
114 286 Orléans
56%
108 365 Caen
54%
134 978 Tours
54%
146 709 Nîmes
52%
89 380 Avignon
51%
149 017 Angers
49%
141 569 Clermont-Ferrand
48%
132 727 Amiens
46%
143 599 Le Mans
46%
120 489 Perpignan
45%
136 221 Limoges
43%
145 238 Saint-Denis
42%
108 274 Saint-Denis
42%
141 148 Aix-en-Provence
39%
110 755 Mulhouse
35%
87 646 Poitiers
35%
116 353 Besançon
32%
146 282 Villeurbanne
28%
94 536 Roubaix
23%
90 995 Dunkerque
22%
90 722 Nanterre
19%
89 845 Créteil
18%
104 962 Argenteuil
15%
117 126 Boulogne-Billancourt
15%
92 707 Tourcoing
15%
103 520 Montreuil
13%
104 646 Saint-Paul
9%
88 102 Vitry-sur-Seine
6%
86 854 Courbevoie
5%
No matching quizzes found
Score Distribution
Percent of People with Each Score
Percentile by Number Answered
Your Score History
You have not taken this quiz